General economics : (Record no. 4246)

MARC details
000 -LEADER
fixed length control field 00698 a2200217 4500
010 ## - LCCN (DPL NO)
LC control number ENG-86198
020 ## - INTERNATIONAL STANDARD BOOK NUMBER
International Standard Book Number 0070655529
Terms of availability 199.00
020 ## - INTERNATIONAL STANDARD BOOK NUMBER
International Standard Book Number 9780070655522
Terms of availability 199.00
035 ## - SYSTEM CONTROL NUMBER
System control number EN-69731
037 ## - SOURCE OF ACQUISITION
Source of stock number/acquisition DBAD / PUB
082 14 - DEWEY DECIMAL CLASSIFICATION NUMBER
Classification number 330
100 1# - MAIN ENTRY--PERSONAL NAME
Personal name Deepashree
245 1# - TITLE STATEMENT
Title General economics :
Statement of responsibility, etc by Deepashree
Remainder of title for CA common proficiency test (CPT) /
260 ## - PUBLICATION, DISTRIBUTION, ETC. (IMPRINT)
Place of publication, distribution, etc New Delhi
Name of publisher, distributor, etc Tata McGraw-Hill Publishing
Date of publication, distribution, etc 2007
270 ## - ADDRESS
Address 7, West Patel Nagar
City New Delhi
State or province Delhi
Postal code 110008
300 ## - PHYSICAL DESCRIPTION
Extent various pagings
Dimensions 22 cm. (Pbk)
490 ## - SERIES STATEMENT
Series statement CA examination series
500 ## - GENERAL NOTE
General note Includes bibliographical references and index
650 #0 - SUBJECT ADDED ENTRY--TOPICAL TERM
Topical term or geographic name as entry element Economics
942 ## - ADDED ENTRY ELEMENTS (KOHA)
Institution code [OBSOLETE] dpl
Item type English Books
Source of classification or shelving scheme Dewey Decimal Classification
Classification part 330
Call number suffix DEE
Holdings
Withdrawn status Lost status Not for loan Collection code Home library Current library Source of acquisition Cost, normal purchase price Full call number Barcode Copy number Cost, replacement price Koha item type
    Not For Loan Non-fiction D.B.Act.Division D.B.Act.Division DBAD/PUB 199.00 330 DEE EN-69731 1 199.00 English Books

© Delhi Public Library
Hit Counter
free hit counter